000
00339 a2200133 4500
999
_c
12904
_d
12904
008
240801b ||||| |||| 00| 0 eng d
020
_a
978-1780676005
082
_a
363.7
100
_a
Rebecca Proctor
245
_a
Upcycle: 24 Sustainable DIY Projects
260
_b
Laurence King Publishing
_c
2015
300
_a
143p;
942
_2
ddc